| 000 | 00658nam a22001817a 4500 | ||
|---|---|---|---|
| 003 | CEME | ||
| 005 | 20210628205914.0 | ||
| 008 | 210208b xxu||||| |||| 00| 0 eng d | ||
| 020 | _a969-8122-08-7 | ||
| 040 | _c. | ||
| 082 | _a620.3 PRO | ||
| 100 |
_aDr. G. Y. Chohan Dr. Muhammad Zubair Khan Dr. A. Q. Khan _977439 |
||
| 245 | _aProceeding first international symposium on mechanical vibrations | ||
| 260 |
_aRAWALPINDI _bDR. A. Q. KHAN RESEARCH LABORATORIES _c1998 |
||
| 300 | _a516P | ||
| 650 |
_aNONLINEAR VIBRATIONS VIBRATION ANALYSI ROTOR DYNAMICS STRUCTURAL VIBRATION VIBRATION CONTROL AND DAMPING MECHANICAL VIBRATIONS _977440 |
||
| 942 |
_cBK _2ddc |
||
| 999 |
_c582705 _d582705 |
||